Statistics for Roman Numerals

Click here to take the quiz!

General Stats

  • This quiz has been taken 272 times
  • The average score is 13 of 15

Answer Stats

HintAnswer% Correct
CCCLX360
95%
XCI91
95%
XLVIII48
94%
CXXVII127
91%
XXIV24
91%
CDIV404
88%
MMDCCIII2703
85%
CLXXXVIII188
84%
LXXIII73
82%
DCCXLI741
82%
DCL650
81%
CMLXXXVIII988
77%
CMXCIX999
74%
CDXXXIV434
69%
CDLXXXIX489
68%

Score Distribution

Percentile by Number Answered

Percent of People with Each Score

Your Score History

You have not taken this quiz